Statistics for The Outsiders

Click here to take the quiz!

General Stats

  • This quiz has been taken 753 times
  • The average score is 3 of 8

Answer Stats

HintAnswer% Correct
He was the youngest Curtis BrotherPonyboy
98%
He was the "movie star" looking Curtis brotherSodapop
90%
He was very quiet and shy since he was abused by his parentsJohnny
63%
He was one of the Curtis brother's best friend since grade school.Steve
38%
She is a cheerleader at Ponyboy's highschoolCherry
0%
He was always in jail and the cops knew him very wellDallas
0%
He was the oldest Curtis brotherDarrel
0%
He always had time for a beer and wise cracking jokesTwo-bit
0%

Score Distribution

Percentile by Number Answered

Percent of People with Each Score

Your Score History

You have not taken this quiz